Statistics for Books and Authors #5

Click here to take the quiz!

General Stats

  • This quiz has been taken 43 times
  • The average score is 5 of 20

Answer Stats

BookAuthor% Correct
RootsAlex Haley
53%
The Joy Luck ClubAmy Tan
50%
The Little PrinceAntoine de Saint-Exupery
47%
The Turn of the ScrewHenry James
47%
The Faerie QueeneEdmund Spenser
38%
The Silence of the LambsThomas Harris
38%
Flowers for AlgernonDaniel Keyes
31%
Infinite JestDavid Foster Wallace
31%
The RubaiyatOmar Khayyam
25%
NightElie Wiesel
22%
An Essay Concerning Human UnderstandingJohn Locke
19%
The GiverLois Lowry
19%
Stranger in a Strange LandRobert A. Heinlein
19%
A Separate PeaceJohn Knowles
16%
The Polar ExpressChris van Allsburg
13%
RhinocerosEugene Ionesco
13%
I, the JuryMickey Spillane
9%
The Burden of ProofScott Turow
9%
The Green HouseMario Vargas Llosa
6%
Flower for Latin SpeakingNicholas Udall
0%

Score Distribution

Percentile by Number Answered

Percent of People with Each Score

Your Score History

You have not taken this quiz